ბათუმის შოთა რუსთაველის სახელმწიფო უნივერსიტეტის ბიბლიოთეკა

The Dead Hand: The Untold Story of the Cold War Arms Race and Its Dangerous Legacy (ბიბ.ჩანაწერი № 51285)

000 -LEADER
fixed length control field 00660nam a2200241Ia 4500
001 - CONTROL NUMBER
control field 18254
003 - CONTROL NUMBER IDENTIFIER
control field GE_BSU
008 - FIXED-LENGTH DATA ELEMENTS--GENERAL INFORMATION
fixed length control field 181216s||||||||xx |||||||||||||| ||und||
020 ## - INTERNATIONAL STANDARD BOOK NUMBER
International Standard Book Number 9780307387844
040 ## - CATALOGING SOURCE
Transcribing agency GE_BSU
080 ## - UNIVERSAL DECIMAL CLASSIFICATION NUMBER
Universal Decimal Classification number 32+355/359
100 ## - MAIN ENTRY--PERSONAL NAME
Personal name Hoffman, David E.
245 #4 - TITLE STATEMENT
Title The Dead Hand: The Untold Story of the Cold War Arms Race and Its Dangerous Legacy
260 ## - PUBLICATION, DISTRIBUTION, ETC.
Place of publication, distribution, etc. New York
260 ## - PUBLICATION, DISTRIBUTION, ETC.
Name of publisher, distributor, etc. Anchor book
260 ## - PUBLICATION, DISTRIBUTION, ETC.
Date of publication, distribution, etc. 2009
300 ## - PHYSICAL DESCRIPTION
Extent 577p.21cm.ill.
653 ## - INDEX TERM--UNCONTROLLED
Uncontrolled term The Dead Hand
653 ## - INDEX TERM--UNCONTROLLED
Uncontrolled term The Untold Story of the Cold War Arms Race and Its Dangerous Legacy
653 ## - INDEX TERM--UNCONTROLLED
Uncontrolled term პოლიტიკა
942 ## - ADDED ENTRY ELEMENTS (KOHA)
Koha item type წიგნი
ეგზემპლარები
Withdrawn status Lost status Damaged status Not for loan Date acquired Barcode Date last seen Price effective from Koha item type
        2018-12-17 46506 2018-12-17 2018-12-17 წიგნი